|
|
|
|
| LEADER |
00000cam a2200000 a 4500 |
| 001 |
vtls001380706 |
| 003 |
SK-MaSNL |
| 005 |
20260426001650.0 |
| 008 |
240313s1999 xo 000 0 slo |
| 015 |
|
|
|a SNBA2000/03-00797
|
| 020 |
|
|
|a 8080640521
|
| 035 |
|
|
|a SNK000334705
|
| 035 |
|
|
|a urn:nbn:sk:snk-am3i4ee
|
| 035 |
|
|
|a F466C03E-4E47-445B-9686-E684D46C7281
|
| 035 |
|
|
|a urn:nbn:sk:snk-am00djok
|
| 040 |
|
|
|a SNK
|b slo
|c SNK
|e AACR2
|
| 041 |
0 |
|
|a slo
|a eng
|
| 044 |
|
|
|a xo
|c SK
|
| 080 |
|
|
|a 802.0(035)
|2 1981
|
| 100 |
1 |
|
|a Rusznák, Emil
|4 aut
|9 46621
|
| 245 |
1 |
0 |
|a Anglická konverzácia
|c Emil Rusznák
|
| 260 |
|
|
|a Žilina
|b Knižné centrum
|c 1999
|
| 300 |
|
|
|a 264 s.
|c 14 cm
|
| 490 |
1 |
|
|a Slovníky
|v zv. 5
|
| 504 |
|
|
|a Slov.-angl. a angl.-slov. slovník
|
| 546 |
|
|
|a Text aj v angličtine
|
| 650 |
0 |
7 |
|a angličtina
|2 SNKPH
|9 1260
|
| 650 |
0 |
7 |
|a konverzácia
|2 SNKPH
|9 49849
|
| 650 |
0 |
7 |
|a učebné texty
|2 SNKPH
|9 69307
|
| 655 |
|
7 |
|a príručky
|2 SNKPH
|9 74364
|
| 830 |
|
0 |
|a Slovníky
|9 376139
|
| 919 |
|
|
|a 80-8064-052-1
|
| 958 |
|
|
|a TL
|
| 999 |
|
|
|c 895081
|d 897011
|
| 952 |
|
|
|a SNK
|b SNK
|y PREZ
|7 0
|p 17A0224499
|o snkSE 9751
|i snkKSP 606/2000
|8 0
|0 0
|1 0
|4 0
|d 2000-01-14
|f 1
|l 0
|r 2005-01-02 00:00:00
|w 2026-02-24
|
| 952 |
|
|
|a SNK
|b SNK
|y VYP
|7 0
|p 17A1346433
|o snkSE 9751 D1
|i snkKSP 607/2000
|8 0
|0 0
|1 0
|4 0
|d 2000-01-14
|l 0
|r 2005-01-02 00:00:00
|w 2026-02-24
|